MDQL
is popping MORE tags! Check the
thread
!
Quizzes
Events
Quiz Creation
Community
Videos
Private Events
Remove Ads
Sign In
Join for FREE
Feedback
Dark Mode
Quiz Categories
Sports
Geography
Music
Movies
Television
Just For Fun
Miscellaneous
History
Literature
Language
Science
Gaming
Entertainment
Religion
Holiday
For Kids
Quiz Lab
Recent
Popular Today
Quiz Kudos Today
Editor Picks
Curator Picks
Quizzes by...
Day
Popularity
Type
Ratings
Length
Year
Community
Subscriptions
Recent Discussions
Orange Saloon
Badges
Playlists
Quests
Create
Leaderboards
Showdown
Live 5
Trivia Bingo
Activity
Puzzle Library
Sporcle Events
Private Events
Virtual Trivia
Globe League
Become a Host
Pub Owners
SporcleCon
Opinionation
Our Games
Videos
Blog
Mobile Apps
Partnerships
Remove Ads and Go Orange
Feedback
Language
Vocabulary
Begins and Ends
Definition
Spanish
French
German
Italian
Chinese
Latin
Translation
Japanese
Language
Vocabulary
Begins and Ends
Definition
Spanish
French
German
Italian
Chinese
Latin
Translation
Japanese
Random Quiz
Search Sporcle
×
Quiz Lab
Quiz Lab
Language
Vocabulary
Type in answers that appear in a list
Type in answers that appear in a list
Classic
Best Score? Go Orange.
Latin vocabulary (Wilson and Parsons): A Stats
Can you name the Latin vocabulary (Wilson and Parsons): A?
By
wilsonandparsons
20m
6 Questions
12 Plays
12 Plays
12 Plays
Comments
Comments
Give Quiz Kudos
Give Quiz Kudos
-
- Ratings
hide this ad
Forced Order
Answers have to be entered in order
Answers have to be entered in order
Random Order
Randomize order of answers
Randomize order of answers
Replay
Link that replays current quiz
Next Quiz
Link to next quiz in quiz playlist
You Got
0%
They Got
Avg Score
54%
Avg Friend Score
Upgrade to see
Score Distribution
Jump to the score distribution portion of the page
Score
0/6
Timer
20:00
0
Plays Today
Latin
English
% Correct
accuso
accuse
83.3%
accipio
receive
66.7%
abdo
hide
50%
abhinc
ago
41.7%
absum
be absent
41.7%
accidit
it happens
41.7%
Quiz Playlist
Details
Report
Send in Message
Add To Playlist
Classic:
Type in answers that appear in a list
Forced Order:
Answers have to be entered in order
Random Order:
Randomize order of answers
Last Updated: Feb 16, 2017
Quiz Scoreboard
CHALLENGE
Sign Up to Join the Scoreboard
Show All
Scores
Hide
Comments
May contain spoilers
Recently Published
Two Season TV Shows II
by 123Four
Television
10m
Image Sorting: Flags VI
by Barbecue
Geography
2m
Find the 'City' Movie
by crazypaving
Movies
60s
More to Explore
Quiz From the Vault
Featured Blog Post
14 Easter Pick-up Lines to Find Eggs With
hide this ad
You Might Also Like...
Tags
Latin Quiz
Vocabulary Quiz
Wilson
Today's Top Quizzes in Language
Browse Language
hide this ad
Today's Top Quizzes in Vocabulary
Browse Vocabulary
Top Contributed Quizzes in Language
1
What Word Starts All?
2
1-10 Letter F Words III
3
1-10 Letter G Words III
4
Weisst du, aus welchen Sprachen diese Wörter stammen?
5
1-10 Letter H Words III
6
Harry Potter book 6 chapters: English & Greek
7
Arabic Numerals
8
1-10 Letter I Words III
9
One Thing in Common: Italy
10
Celtic Nations in their Language
Explore More
Trending Topics
NBA
Anime
Marvel
Kpop
Harry Potter
Disney
Crossword
WWE
Country
Puzzle
NFL
Soccer
Song
The Office
Pokémon
hide this ad
More By:
wilsonandparsons
Quiz
Plays
Rating
Category
Featured
Created
Latin vocabulary (Wilson and Parsons): A
12
Language
Jan 16, 2011
Go to Creator's Profile
Score Distribution
Quiz Creator Spotlight
wilsonandparsons
Follow
Send a Message
Quizzes Created
-
Created Quiz Play Count
-
More By This Creator
Popular Quizzes Today
1
Find the US States - No Outlines Minefield
2
Colored Red Africa Blitz
3
Find the 'City' Movie
4
5x2 Blitz: Bands
5
The Countries of the World
6
Find the Countries of Europe - No Outlines Minefield
7
Find the US States
8
US States
More Language Quizzes
Illustrated Dictionary Words
Published
Trending Quizzes
Colored Red Europe Blitz I
Colored Red Africa Blitz II
Colored Red Europe Blitz II
Colored Red Africa Blitz III
Colored Red Europe Blitz III
Recently Updated
How Do You Spell That?
pecheneg
Godzilla Movies
pecheneg
Grab Bag: 4-10 Letters
pecheneg
2024 March Madness Bracket
pecheneg
Famous TV Couples
Peacemaker
Champions League XIs: Real Madrid
pecheneg
Largest US Cities 1790-2010
pecheneg
Rides in Walt Disney World
pecheneg
Most Oscar Losses (Acting)
pecheneg
Beyoncé Albums
pecheneg
Trending Topics
Disney
Harry Potter
Anime
NBA
Marvel
Kpop
Crossword
NFL
Pokémon
The Office
Soccer
Song
Puzzle
WWE
Country
Your Account Isn't Verified!
In order to create a playlist on Sporcle, you need to verify the email address you used during registration. Go to your
Sporcle Settings
to finish the process.
Report this User
Report this user for behavior that violates our
Community Guidelines
.
Details:
Send Report
Go to the Sporcle.com Mobile Site →
Comments